Säugetierfamilien (wissenschaftliche Namen) - Statistiken

Allgemein
  • Dieses Quiz wurde 5 mal gespielt
  • Das Durchschnittsergebnis liegt bei 11 aus 159
Antwortstatistiken
Ordnung Ordnung Familie Familie (deutsch) % Korrekt
Carnivora Raubtiere Felidae Katzen
100%
Cetartiodactyla Paarhufer und Wale Bovidae Hornträger
50%
Cetartiodactyla Paarhufer und Wale Camelidae Kamele
50%
Carnivora Raubtiere Canidae Hunde
50%
Cetartiodactyla Paarhufer und Wale Cervidae Hirsche
50%
Rodentia Nagetiere Cricetidae Wühler
50%
Cetartiodactyla Paarhufer und Wale Delphinidae Delfine
50%
Didelphimorphia Beutelrattenartige Didelphidae Beutelratten
50%
Proboscidea Rüsseltiere Elephantidae Elefanten
50%
Perissodactyla Unpaarhufer Equidae Pferde
50%
Cetartiodactyla Paarhufer und Wale Giraffidae Giraffenartige
50%
Cetartiodactyla Paarhufer und Wale Hippopotamidae Flusspferde
50%
Primates Primaten Hominidae Menschenaffen
50%
Carnivora Raubtiere Hyaenidae Hyänen
50%
Primates Primaten Lemuridae Gewöhnliche Makis
50%
Rodentia Nagetiere Muridae Langschwanzmäuse
50%
Cetartiodactyla Paarhufer und Wale Suidae Echte Schweine
50%
Perissodactyla Unpaarhufer Tapiridae Tapire
50%
Carnivora Raubtiere Ursidae Bären
50%
Chiroptera Fledertiere Vespertilionidae Glattnasen
50%
Rodentia Nagetiere Abrocomidae Chinchillaratten
0%
Diprotodontia Acrobatidae Zwerggleitbeutler
0%
Carnivora Raubtiere Ailuridae kleine Pandas
0%
Rodentia Nagetiere Anomaluridae Dornschwanzhörnchen
0%
Cetartiodactyla Paarhufer und Wale Antilocapridae Gabelträger
0%
Primates Primaten Aotidae Nachtaffen
0%
Rodentia Nagetiere Aplodontiidae Stummerlschwanzhörnchen
0%
Primates Primaten Atelidae Klammerschwanzaffen
0%
Cetartiodactyla Paarhufer und Wale Balaenidae Glattwale
0%
Cetartiodactyla Paarhufer und Wale Balaenopteridae Furchenwale
0%
Rodentia Nagetiere Bathyergidae Sandgräber
0%
Pilosa Zahnarme Bradypodidae Dreifinger-Faultiere
0%
Diprotodontia Burramyidae Bilchbeutler
0%
Paucituberculata Caenolestidae Mausopossums
0%
Primates Primaten Callitrichidae Krallenaffen
0%
Rodentia Nagetiere Calomyscidae Maushamster
0%
Rodentia Nagetiere Castoridae Biber
0%
Rodentia Nagetiere Caviidae Meerschweinchen
0%
Primates Primaten Cebidae Kapuzinerartige
0%
Primates Primaten Cercopithecidae Meerkatzenverwandte
0%
Cetartiodactyla Paarhufer und Wale Cetotheriidae (Zwergglattwal)
0%
Primates Primaten Cheirogaleidae Katzenmakis
0%
Rodentia Nagetiere Chinchillidae Chinchillas
0%
Cingulata Gepanzerte Nebengelenktiere Chlamyphoridae (weitere Gürteltiere)
0%
Pilosa Zahnarme Choloepodidae (Zweifinger-Faultiere)
0%
Afrosoricida Tenrekartige Chrysochloridae Goldmulle
0%
Chiroptera Fledertiere Cistugidae Angola-Mausohr, Lesueur-Mausohr
0%
Chiroptera Fledertiere Craseonycteridae (Schweinsnasenfledermaus)
0%
Rodentia Nagetiere Ctenodactylidae Kammfinger
0%
Rodentia Nagetiere Ctenomyidae Kammratten
0%
Rodentia Nagetiere Cuniculidae (Pakas)
0%
Pilosa Zahnarme Cyclopedidae (Zwergameisenbären)
0%
Dermoptera Riesengleiter Cynocephalidae Riesengleiter
0%
Cingulata Gepanzerte Nebengelenktiere Dasypodidae (Langnasengürteltiere)
0%
Rodentia Nagetiere Dasyproctidae Agutis & Acouchis
0%
Dasyuromorphia Raubbeutlerartige Dasyuridae Raubbeutler
0%
Primates Primaten Daubentoniidae (Fingertier)
0%
Rodentia Nagetiere Diatomyidae (Laotische Felsenratte)
0%
Rodentia Nagetiere Dinomyidae (Pakarana)
0%
Rodentia Nagetiere Dipodidae Springmäuse
0%
Sirenia Seekühe Dugongidae Gabelschwanzseekühe
0%
Rodentia Nagetiere Echimyidae Stachelratten
0%
Chiroptera Fledertiere Emballonuridae Glattnasen-Freischwänze
0%
Rodentia Nagetiere Erethizontidae Baumstachler
0%
Eulipotyphla Insektenfresser Erinaceidae Igel
0%
Carnivora Raubtiere Eupleridae Madagassische Raubtiere
0%
Chiroptera Fledertiere Furipteridae Stummeldaumen
0%
Primates Primaten Galagidae Galagos
0%
Rodentia Nagetiere Geomyidae Taschenratten
0%
Rodentia Nagetiere Gliridae Bilche
0%
Carnivora Raubtiere Herpestidae Mangusten
0%
Rodentia Nagetiere Heteromyidae Taschenmäuse
0%
Chiroptera Fledertiere Hipposideridae Rundblasttnasen
0%
Primates Primaten Hylobatidae Gibbons
0%
Diprotodontia Hypsiprymnodontidae (Moschusrattenkänguru)
0%
Rodentia Nagetiere Hystricidae Stachelschweine
0%
Primates Primaten Indriidae Indriartige
0%
Cetartiodactyla Paarhufer und Wale Iniidae Amazonas Flussdelfine
0%
Cetartiodactyla Paarhufer und Wale Kogiidae (Zwergpottwale)
0%
Primates Primaten Lepilemuridae (Wiesenmakis)
0%
Lagomorpha Hasenartige Leporidae Hasen
0%
Cetartiodactyla Paarhufer und Wale Lipotidae (Chinesischer Flussdelfin)
0%
Primates Primaten Lorisidae Loris
0%
Diprotodontia Macropodidae Kängurus
0%
Macroscelidea Rüsselspringer Macroscelididae Rüsselspringer
0%
Pholidota Schuppentiere Manidae Schuppentiere
0%
Chiroptera Fledertiere Megadermatidae Großblattnasen
0%
Carnivora Raubtiere Mephitidae Stinktiere
0%
Microbiotheria Microbiotheriidae (Chiloe-Beutelratte)
0%
Chiroptera Fledertiere Miniopteridae Langflügelfledermäuse
0%
Chiroptera Fledertiere Molossidae Bulldoggfledermäuse
0%
Cetartiodactyla Paarhufer und Wale Monodontidae Gründelwale
0%
Chiroptera Fledertiere Mormoopidae Kinnblattfledermäuse
0%
Cetartiodactyla Paarhufer und Wale Moschidae Moschustiere
0%
Carnivora Raubtiere Mustelidae Marder
0%
Dasyuromorphia Raubbeutlerartige Myrmecobiidae (Numbat)
0%
Pilosa Zahnarme Myrmecophagidae (Tamanduas und großer Ameisenbär)
0%
Chiroptera Fledertiere Mystacinidae Neuseelandfledermäuse
0%
Chiroptera Fledertiere Myzopodidae (Madagaskische Haftscheibenfledermäuse)
0%
Carnivora Raubtiere Nandiniidae Pardelroller
0%
Chiroptera Fledertiere Natalidae Trichterohren
0%
Rodentia Nagetiere Nesomyidae (Madagaskar-Ratten, Delany-Sumpfklettermaus, Afrikanischer Hamster, Afrikanische Felsenmäuse, Hamsterratten, Baummäuse)
0%
Chiroptera Fledertiere Noctilionidae Hasenmäuler
0%
Notoryctemorphia Beutelmulle Notoryctidae Beutelmulle
0%
Chiroptera Fledertiere Nycteridae Schlitznasen
0%
Lagomorpha Hasenartige Ochotonidae Pfeilhasen
0%
Rodentia Nagetiere Octodontidae Trugratten
0%
Carnivora Raubtiere Odobenidae Walrosse
0%
Monotremata Kloakentiere Ornithorhynchidae Schnabeltiere
0%
Tubulidentata Röhrenzähner Orycteropodidae (Erdferkel)
0%
Carnivora Raubtiere Otariidae Ohrenrobben
0%
Rodentia Nagetiere Pedetidae Springhasen
0%
Peramelemorphia Nasenbeutler Peramelidae Eigentliche Nasenbeutler
0%
Diprotodontia Petauridae Gleitbeutler
0%
Rodentia Nagetiere Petromuridae (Felsenratte)
0%
Diprotodontia Phalangeridae Kletterbeutler
0%
Diprotodontia Phascolarctidae Koalas
0%
Carnivora Raubtiere Phocidae Hundsrobben
0%
Cetartiodactyla Paarhufer und Wale Phocoenidae Schweinswale
0%
Chiroptera Fledertiere Phyllostomidae Blattnasen
0%
Cetartiodactyla Paarhufer und Wale Physeteridae Pottwale
0%
Primates Primaten Pitheciidae Sakiaffen
0%
Rodentia Nagetiere Platacanthomyidae Stachelbilche
0%
Cetartiodactyla Paarhufer und Wale Platanistidae Gangesdelfine
0%
Cetartiodactyla Paarhufer und Wale Pontoporiidae (La-Plata-Delfin)
0%
Afrosoricida Tenrekartige Potamogalidae Otterspitzmäuse
0%
Diprotodontia Potoroidae Rattenkängurus
0%
Carnivora Raubtiere Prionodontidae Linsangs
0%
Hyracoidea Schliefer Procaviidae Schliefer
0%
Carnivora Raubtiere Procyonidae Kleinbären
0%
Diprotodontia Pseudocheiridae Ringbeutler
0%
Chiroptera Fledertiere Pteropodidae Flughunde
0%
Scandentia Spitzhörnchen Ptilocercidae (Federschwanz-Spitzhörnchen)
0%
Perissodactyla Unpaarhufer Rhinocerotidae Nashörner
0%
Chiroptera Fledertiere Rhinolophidae Hufeisennasen
0%
Chiroptera Fledertiere Rhinonycteridae (Dreizahnblattnasen, Percivals Kleinohr-Dreizackblattnase, Goldene Rundblattnase)
0%
Chiroptera Fledertiere Rhinopomatidae Maussschanzfledermäuse
0%
Rodentia Nagetiere Sciuridae Hörnchen
0%
Rodentia Nagetiere Sminthidae (Birkenmäuse)
0%
Eulipotyphla Insektenfresser Solenodontidae Schlitzrüssler
0%
Eulipotyphla Insektenfresser Soricidae Spitzmäuse
0%
Rodentia Nagetiere Spalacidae (Blindmäuse, Blindmulle, Wurzelratten, Maulwurfsratten)
0%
Monotremata Kloakentiere Tachyglossidae Ameisenigel
0%
Eulipotyphla Insektenfresser Talpidae Maulwürfe
0%
Primates Primaten Tarsiidae Koboldmakis
0%
Diprotodontia Tarsipedidae (Honigbeutler)
0%
Cetartiodactyla Paarhufer und Wale Tayassuidae Nabelschweine
0%
Afrosoricida Tenrekartige Tenrecidae Tenreks
0%
Rodentia Nagetiere Thryonomyidae Rohrratten
0%
Peramelemorphia Nasenbeutler Thylacomyidae (Kaninchennasenbeutler)
0%
Chiroptera Fledertiere Thyropteridae Amerikanische Haftscheibenfledermäuse
0%
Cetartiodactyla Paarhufer und Wale Tragulidae Hirschferkel
0%
Sirenia Seekühe Trichechidae Rundschwanzseekühe
0%
Scandentia Spitzhörnchen Tupaiidae (weitere Spitzhörnchen)
0%
Carnivora Raubtiere Viverridae Schleichkatzen
0%
Diprotodontia Vombatidae Wombats
0%
Rodentia Nagetiere Zapodidae Hüpfmäuse
0%
Rodentia Nagetiere Zenkerellidae (Dornschwanzbilch)
0%
Cetartiodactyla Paarhufer und Wale Ziphiidae Schnabelwale
0%
Keine übereinstimmenden Quizze gefunden
Verteilung der Resultate
Anzahl Personen mit jedem Resultat
Perzentil nach korrekt beantworteten Fragen
Ihre Resultats-Entwicklung
Sie haben dieses Quiz noch nicht gespielt